Échelle de Glasgow - Statistiques

Statistiques générales
  • Ce quiz a été pris 11 fois
  • Le résultat moyen est 8 sur 15
Statistiques - réponses
Hint Réponse % Correct
2 À la douleur
83%
1 Aucune
83%
1 Aucune
67%
1 Aucune
67%
4 Confus
67%
2 Extension/Décérébration
67%
3 Flexion/Décortication
67%
2 Grognements/Incompréhensible
67%
3 À la demande
50%
4 Spontanée
50%
3 Inapproprié
33%
5 Normale
33%
4 Évitement
17%
6 Normale
17%
5 Ciblé
0%
Aucun quiz correspondant
Distribution des résultats
% des personnes avec chaque résultat
Percentile par nombre de réponses
Votre historique - résultats
Vous n’avez pas pris ce quiz